000 00727nam a22002177a 4500
999 _c57423
_d57423
005 20220927153822.0
008 200618s2018 eng||||| |||| 00| 0 enk d
020 _a9780323794183
041 _aeng
080 _a617.7 F-92
100 _aFriedman, Neil J.
_98540
245 _aReview of Ophthalmology /
_cNeil Friedman, Peter Kaiser, William Trattler.
264 _aEdinburgh :
_bElsevier,
_c2018.
300 _a412 p. ;
_b28 cm.
653 _aთვალის დაავადებები
653 _aოფთალმოლოგია
653 _aმედიცინა
700 _aKaiser, Peter
_eავტორი
_98541
700 _aTrattler, William
_eავტორი
_98542
942 _2udc
_cBK